Algebra y geometría I: Educación Media

Saved in:
Bibliografiske detaljer
Main Authors: Heras Karl, Rodrigo E. de las (Author), Fuenzalida Correa, Gabriel (Author), Lara Ramírez, M. Cecilia (Author), Riveros Rojas, José Antonio (Author)
Format: Bog
Sprog:spansk
Udgivet: Santiago Santillana 1993
Fag:
Tags: Tilføj Tag
Ingen Tags, Vær først til at tagge denne postø!

MARC

LEADER 00000nam a2200000 a 4500
001 UCK7815
003 CL-VaPUC
008 051216e19930000CL |||||||||||||||||spa|d
020 |a 9561502984 
082 0 4 |a 510.712  |b HER  |2 21 
100 |a Heras Karl, Rodrigo E. de las  |e author  |9 541891 
700 0 |a Fuenzalida Correa, Gabriel  |e author  |9 497458 
700 0 |a Lara Ramírez, M. Cecilia  |e author  |9 497459 
700 |a Riveros Rojas, José Antonio  |e author  |9 541893 
245 1 0 |a Algebra y geometría I: Educación Media 
300 |a 255 p 
942 |c BK 
945 |d 20051216 00:00:00  |a cmena 
260 |a Santiago  |b Santillana  |c 1993 
650 0 |a Matemáticas  |x Enseñanza  |9 875527 
650 0 |a Métodos de enseñanza  |9 270413 
650 0 |a Libros de texto  |9 270019 
583 |a last modification  |c 20171130 16:21:13  |k Rodrigo Vera 
999 |c 315657  |d 315655 
952 |0 0  |1 0  |4 0  |6 510_712000000000000_HER_1993  |7 0  |8 A  |9 389209  |a BIBMAT  |b BIBMAT  |c E_DIDACT  |d 2019-11-22  |i 3511693  |l 2  |o 510.712 HER 1993  |p 3511693  |r 2025-01-07  |s 2024-01-18  |w 2019-11-22  |y BK  |k MAT